000 00578nam a2200229Ia 4500
003 OSt
005 20220924142949.0
006 a|||||r|||| 00| 0
007 ta
008 220923b |||||||| |||| 00| 0 ori d
024 _a304085
037 _cTextual
040 _aARTS
_cARTS
_bORI
041 _2ORI
_aORI
082 _aO1591,3NG0,DH, L7
100 _aGhosh
_9104906
245 0 _aDhuka karibara kichhi nahim
260 _c1975
650 _aORIYA LITERATURE
_927692
942 _hO1591,3NG0,DH, L7
_cTEXL
_2CC
999 _c452640
_d452640